ბათუმის შოთა რუსთაველის სახელმწიფო უნივერსიტეტის ბიბლიოთეკა

Handbook of Public Administration / (ბიბ.ჩანაწერი № 62281)

000 -LEADER
fixed length control field 00730nam a22001937a 4500
005 - DATE AND TIME OF LATEST TRANSACTION
control field 20240913120153.0
008 - FIXED-LENGTH DATA ELEMENTS--GENERAL INFORMATION
fixed length control field 240913s2021 enk||||| |||| 00| 0 eng d
020 ## - INTERNATIONAL STANDARD BOOK NUMBER
International Standard Book Number 9781498750035x
041 ## - LANGUAGE CODE
Language code of text/sound track or separate title eng
080 ## - UNIVERSAL DECIMAL CLASSIFICATION NUMBER
Universal Decimal Classification number 351 H-22
245 ## - TITLE STATEMENT
Title Handbook of Public Administration /
Statement of responsibility, etc. Edited by W. Bartley Hildreth, Gerald Miller, Evert L Lindquist.
264 ## - PRODUCTION, PUBLICATION, DISTRIBUTION, MANUFACTURE, AND COPYRIGHT NOTICE
Place of production, publication, distribution, manufacture New York
Name of producer, publisher, distributor, manufacturer Routledge,
Date of production, publication, distribution, manufacture, or copyright notice 2021.
300 ## - PHYSICAL DESCRIPTION
Extent 334 p.;
Other physical details 26 cm.
653 ## - INDEX TERM--UNCONTROLLED
keyword საჯარო მმართველობა
700 ## - ADDED ENTRY--PERSONAL NAME
Personal name Bartley Hildreth, W.
Relator term რედაქტორი
9 (RLIN) 23213
700 ## - ADDED ENTRY--PERSONAL NAME
Personal name Miller, Gerald
Relator term რედაქტორი
9 (RLIN) 23214
700 ## - ADDED ENTRY--PERSONAL NAME
Personal name Lindquist, Evert L
Relator term რედაქტორი
9 (RLIN) 23215
942 ## - ADDED ENTRY ELEMENTS (KOHA)
Source of classification or shelving scheme
Koha item type წიგნი
ეგზემპლარები
Withdrawn status Lost status Source of classification or shelving scheme Damaged status Not for loan Permanent Location Current Location Shelving location Date acquired Cost, normal purchase price Full call number Barcode Date last seen Copy number Price effective from Koha item type Public note
          ბათუმის შოთა რუსთაველის სახელმწიფო უნივერსიტეტის მთავარი ბიბლიოთეკა ბათუმის შოთა რუსთაველის სახელმწიფო უნივერსიტეტის მთავარი ბიბლიოთეკა წიგნსაცავი 2024-09-13 564.00 351 H-22 68853 2024-09-13 68853 2024-09-13 წიგნი 564 ლ.